000
00296nam a22001217a 4500
999
_c
164137
_d
164137
082
_a
_b
100
_a
Michael Parkin
245
_a
Theories of literature in the twentieth century/
_c
by Michael Parkin.
260
_a
New Delhi:
_b
Orient,
_c
1975.
300
_a
220p.
650
_a
942
_c
BK